STUDIES IN LOGIC AND THE FOUNDATIONS OF MATHEMATICS (Record no. 215693)

MARC details
000 -LEADER
fixed length control field 00448nam a22001697a 4500
008 - FIXED-LENGTH DATA ELEMENTS--GENERAL INFORMATION
fixed length control field 250616b |||||||| |||| 00| 0 eng d
020 ## - INTERNATIONAL STANDARD BOOK NUMBER
International Standard Book Number 978-0-4448-7508-2
050 ## - LIBRARY OF CONGRESS CALL NUMBER
Classification number QA 95.B37 1984
100 ## - MAIN ENTRY--PERSONAL NAME
Personal name BARWISE J.
245 ## - TITLE STATEMENT
Title STUDIES IN LOGIC AND THE FOUNDATIONS OF MATHEMATICS
250 ## - EDITION STATEMENT
Edition statement REVISED
260 ## - PUBLICATION, DISTRIBUTION, ETC.
Place of publication, distribution, etc. NETHERLANDS
Name of publisher, distributor, etc. ELSEVIER PUBLISHERS
Date of publication, distribution, etc. 1984
300 ## - PHYSICAL DESCRIPTION
Extent 621
700 ## - ADDED ENTRY--PERSONAL NAME
Personal name KAPLAN D.
942 ## - ADDED ENTRY ELEMENTS (KOHA)
Source of classification or shelving scheme Library of Congress Classification
Koha item type Long Loan Book
Holdings
Withdrawn status Lost status Source of classification or shelving scheme Damaged status Not for loan Collection Home library Current library Shelving location Date acquired Inventory number Total checkouts Full call number Barcode Date last seen Copy number Price effective from Koha item type
    Library of Congress Classification     Science & Technology Kisii University Library Kisii University Library On Display 06/16/2025 108338   QA 95.B37 1984 000000016667 06/16/2025 C.1 06/16/2025 Long Loan Book
    Library of Congress Classification     Science & Technology Kisii University Library Kisii University Library On Display 06/16/2025 108339   QA 95.B37 1984 000000016666 06/16/2025 C.2 06/16/2025 Long Loan Book